Couples of the Valar - Statistics

General Stats
  • This quiz has been taken 21 times
    11 since last reset
  • The average score is 3 of 6
Answer Stats
Hint Answer % Correct
The Smith + The Fruit Giver Aulë and Yavanna
100%
The King of the Valar + The Queen of the Valar Manwë and Varda
100%
The Huntsman + The Ever-young Oromë and Vána
60%
The Wrestler + The Dancer Tulkas and Nessa
40%
The Lord and Master of Dreams, Visions, and Desires + The Gentle Irmo (Lórien) and Estë
20%
The Doorsman + The Weaver Námo (Mandos) and Vairë
20%
No matching quizzes found
Score Distribution
Percent of People with Each Score
Percentile by Number Answered
Your Score History
You have not taken this quiz since the last reset